• 首页
  • 本馆介绍
  • 公告通知
  • 最新文献
  • 馆藏检索
  • 电子资源
  • 读者导购
  • 参考咨询
  • 我的图书馆
  • 登录
  • 详细信息显示
  • 放入我的书架
  • 预约/预借图书
  • 作者相关作品
  • 分类相关作品
  • 丛书相关作品
  • 出版社相关作品

书目信息

  • 表格格式
  • 工作单格式
  • 卡片格式
题名:
汇编语言程序设计自学教程
    
 
作者: Goodwin , 古德温 著 ;周予滨 , 田学锋 译
分册:  
出版信息: 北京   水利电力出版社  1995
页数: 176页
开本: 26cm
丛书名:
单 册:
中图分类: TP313
科图分类: 73.87221
主题词: 程序设计-汇编语言--教材 , 汇编语言-程序设计--教材
电子资源:
ISBN: 7-120-02175-3
000 00947nam0 2200289 45
001 0195023731
005 20070725101936.12
010    @a7-120-02175-3@dCNY47.00
100    @a19950516d1995 em y0chiy0121 ea
101 1  @achi@ceng
102    @aCN@b110000
105    @ay z 000yy
200 10 @a汇编语言程序设计自学教程@AHUI BIAN YU YAN CHENG XU SHE JI ZI XUE JIAO CHENG@f(美)Mark Goodwin著@F( MEI )Mark Goodwin ZHU@g周予滨,田学锋译
210    @a北京@c水利电力出版社@d1995
215    @a176页@d26cm@e软盘1片
300    @a本书中文版经美国远东图书公司授权水利电力出版社在华独家出版
304    @a著者汉译名:M.古德温
606    @a程序设计-汇编语言@x教材
606    @a汇编语言-程序设计@x教材
690    @aTP313
692    @a73.87221
701 A1 @aGoodwin@bMark@4著
701  1 @a古德温@AGU DE WEN@bM.@4著
702  0 @a周予滨@AZHOU YU BIN@4译
702  0 @a田学锋@ATIAN XUE FENG@4译
801  0 @aCN@bTSSF@c20070725
905    @a10447@dTP313@e24
    
    汇编语言程序设计自学教程/(美)Mark Goodwin著/周予滨,田学锋译.-北京:水利电力出版社,1995
    176页;26cm+软盘1片
    本书中文版经美国远东图书公司授权水利电力出版社在华独家出版
    
    ISBN 7-120-02175-3:CNY47.00
    
●
相关链接 在E读中查询图书 在五车中查询图书 在当当中查询图书 在豆瓣中查询图书


正题名:汇编语言程序设计自学教程     索取号:TP313/24         预约/预借

序号 登录号 条形码 馆藏地/架位号 状态 备注
1 0770171   207701717   第二样本阅览室/ [索取号:TP313/24] 在馆    
唐山师范学院图书馆 欢迎您!
大连网信软件有限公司© 版权所有